Library Logo

Pioneer International University Library Catalogue

Legal aspects of laboratory medicine (Record no. 5756)

MARC details
000 -LEADER
fixed length control field 00295nam a22000977a 4500
005 - DATE AND TIME OF LATEST TRANSACTION
control field 20250901165543.0
008 - FIXED-LENGTH DATA ELEMENTS--GENERAL INFORMATION
fixed length control field 210802b |||||||| |||| 00| 0 eng d
050 ## - LIBRARY OF CONGRESS CALL NUMBER
Classification number KF8964 .F44 1973
245 ## - TITLE STATEMENT
Title Legal aspects of laboratory medicine
Statement of responsibility, etc. Feegel, John R.
942 ## - ADDED ENTRY ELEMENTS (KOHA)
Source of classification or shelving scheme Library of Congress Classification
Classification part KF8964 .F44 1973
Holdings
Withdrawn status Lost status Source of classification or shelving scheme Damaged status Not for loan Home library Current library Shelving location Date acquired Total checkouts Full call number Barcode Date last seen Price effective from Koha item type
    Library of Congress Classification     Main Library Main Library   08/02/2021   KF8964 .F44 1973 PIU0010054 08/02/2021 08/02/2021 Books